111 tipů jak šetřit svoje peníze /
Uložené v:
| Hlavný autor: | |
|---|---|
| Médium: | Kniha |
| Jazyk: | Czech |
| Vydané: |
Brno :
Computer Press,
2009.
|
| Vydanie: | Vyd. 1. |
| Edícia: | Osobní finance
|
| Témy: | |
| ISBN: |
9788025125656 (brož.) |
| Fyzický popis: |
183 s. : il. ; 23 cm. |
| Tagy: |
Pridať tag
Žiadne tagy, Buďte prvý kto otaguje tento záznam!
|
Titul je dostupný aj v ... 

MARC
| LEADER | 00000nam a2200000 a 4500 | ||
|---|---|---|---|
| 001 | 000361069 | ||
| 005 | 20100715080733.0 | ||
| 008 | 091006s2009 xr ao e f 001 0 cze d | ||
| 015 | |a cnb001998038 | ||
| 020 | |a 9788025125656 (brož.) | ||
| 040 | |a SVKKK |b slo |c SVKKK |e AACR2 | ||
| 041 | 0 | |a cze | |
| 044 | |a xr |c CZ | ||
| 072 | 7 | |a 336.7 |x Financie |2 konspekt | |
| 080 | |a 64.066 |2 2001 | ||
| 080 | |a 336.7 |2 2001 | ||
| 080 | |a (035) |2 2001 | ||
| 100 | 1 | |a Tomková, Eva, |d 1981- | |
| 245 | 1 | 0 | |a 111 tipů jak šetřit svoje peníze / |c Eva Tomková. |
| 246 | 3 | |a Sto jedenáct tipů jak šetřit svoje peníze | |
| 250 | |a Vyd. 1. | ||
| 260 | |a Brno : |b Computer Press, |c 2009. | ||
| 300 | |a 183 s. : |b il. ; |c 23 cm. | ||
| 490 | 1 | |a Osobní finance | |
| 504 | |a Register: s. 181-183 | ||
| 650 | 0 | 7 | |a úsporné opatrania v domácnosti |2 SVKKKPH |
| 650 | 0 | 7 | |a osobné financie |2 SVKKKPH |
| 655 | 7 | |a príručky |2 SVKKKPH | |
| 830 | 0 | |a Osobní finance | |
| 910 | |a svkkk | ||
| 919 | |a 978-80-251-2565-6 | ||
| 998 | |a BK | ||
| 090 | |g SCKHL |k Sklad Pribinova prízemie |a IV.208861 |j 1019058 |i 2720180411 |s Absenčne | ||